00532nam a2200157 a 450000100100000000500170001000800410002704000250006808200160009310000300010924501170013926000390025649000290029570000210032483000290034500003683020200930075949.0120201s1964 xxu 000 0 spa d aDO-SdBNPbspacBNPHU axxxxxbxxxx1 aPlatón,d428?-347 a. C.10aThe last days of Socrates :bthe apology, crito, phaedo /cPlato ; traducción, introducción Hugh thedennick. aBaltimore :bPenguin Books,c1964. aThe Penguin Classicsv371 athedennick, Hugh 0aThe Penguin Classicsv37